Music Quiz

Random Music or Song Quiz

Movie Songs II Quiz Stats

Quiz Updated Sep 26, 2016

Also try: Movie Songs
Challenge
Share
Tweet
Embed
Score 0/20 Timer 05:00
0 Plays Today
Song (Movie Year) Movie % Correct
Over the Rainbow (1939)The Wizard of Oz
94.6%
Can You Feel The Love Tonight (1994)The Lion King
91.5%
Summer Nights (1978)Grease
87.5%
Gonna Fly Now (1976) Rocky
84.7%
(I've Had) The Time Of My Life (1987)Dirty Dancing
75.2%
I'm A Believer (2001)Shrek
74.3%
Don't Cry For Me, Argentina (1996)Evita
65.5%
Eye of the Tiger (1982)Rocky III
60%
I Don't Want To Miss A Thing (1998)Armageddon
58.2%
I Believe I Can Fly (1996)Space Jam
57.7%
Song (Movie Year) Movie % Correct
Take My Breath Away (1986)Top Gun
55.8%
Streets Of Philadelphia (1993)Philadelphia
53.8%
Blame Canada (1999)South Park: Bigger, Longer & Uncut
51.4%
Maniac (1983)Flashdance
47.6%
(Everything I Do) I Do It For You (1991)Robin Hood: Prince of Thieves
42.1%
As Time Goes By (1942)Casablanca
35.1%
Kokomo (1988)Cocktail
28.1%
The Heat Is On (1984)Beverly Hills Cop
25.2%
We Don't Need Another Hero (1985)Mad Max Beyond Thunderdome
21.1%
Fight the Power (1989)Do the Right Thing
16.9%

You're not logged in!

Compare scores with friends on all Sporcle quizzes.
Join for Free
OR
Log In

You Might Also Like...

Show Comments

Extras

Top Quizzes Today


Score Distribution

Your Account Isn't Verified!

In order to create a playlist on Sporcle, you need to verify the email address you used during registration. Go to your Sporcle Settings to finish the process.

Report this User

Report this user for behavior that violates our Community Guidelines.

Details: